000 00918nam a2200241 a 4500
005 20160419160128.0
008 090616s2007 ck ab gr 00010 spa d
020 _a958832307X
040 _aCO-BoBLA
_cCO-BoBLA
_dCO-BoIAVH
041 0 _aspa
044 _ack
082 0 4 _a631.44
_bI59s1
110 2 _aInstituto Geográfico "Agustín Codazzi".
_bSubdirección Agrológica.
245 1 0 _aEstudio general de suelos y zonificación de tierras :
_bdepartamento de Antioquia /
_cIGAC.
260 3 _aBogotá :
_bIGAC,
_c[2007?].
300 _a3 volúmenes :
_bilustraciones a color y mapas ;
_c28 x 21 centímetros +
_e2 CD-ROM
500 _aIncluye glosario.
504 _aIncluye bibliografía.
650 1 4 _aSuelos
_z Antioquia (Colombia)
650 2 4 _aAnálisis del suelo
_z Antioquia (Colombia)
650 2 4 _aSuelos
_v Clasificación
_z Antioquia (Colombia)
942 _2ddc
_cLIBRO
999 _c18311
_d18311